[Event "Carnaval U1400 Online"]
[Site "Chess.com"]
[Date "2021.02.21"]
[Round "4.3"]
[White "Chelkowski, Jan"]
[Black "Gougeon, Patrick"]
[Result "1-0"]
[WhiteElo "1070"]
[BlackElo "1289"]
[PlyCount "170"]
[EventDate "2021.02.20"]
[EventType "swiss"]
[EventRounds "6"]
[EventCountry "CAN"]

1. e4 d5 2. Nc3 d4 3. Nb1 e5 4. Bc4 Nf6 5. d3 Be7 6. Nf3 Bg4 7. O-O a6 8. Nbd2
b5 9. Bb3 O-O 10. Qe1 Bxf3 11. Nxf3 Nc6 12. Nd2 a5 13. a3 a4 14. Ba2 b4 15. f4
bxa3 16. bxa3 Nh5 17. Nc4 Bd6 18. f5 Be7 19. Rf3 Bh4 20. Qe2 Be7 21. Qf2 Rb8
22. Rh3 Nf4 23. Bxf4 exf4 24. Qxf4 Bg5 25. Qg4 Qf6 26. Re1 Rfe8 27. Rg3 h6 28.
Qe2 Ne5 29. Nxe5 Rxe5 30. Rb1 Rxb1+ 31. Bxb1 Qxf5 32. Kh1 Qd7 33. Ba2 Kh7 34.
Rf3 f6 35. Qf2 Qg4 36. h3 Qd7 37. h4 Bc1 38. Rh3 Bxa3 39. h5 Bc1 40. Qg3 Bg5
41. Qf2 c5 42. Qe1 Qb5 43. g3 Qb2 44. Qb1 Qxb1+ 45. Bxb1 a3 46. Ba2 Re7 47. Kg2
Rb7 48. Bb3 Rxb3 49. cxb3 a2 50. Rh1 Bd2 51. Ra1 Bb4 52. Rxa2 Kg8 53. Kf3 Kf7
54. Kf4 g5+ 55. Kf5 Bd2 56. Ra7+ Ke8 57. Rc7 Bb4 58. Kxf6 Kd8 59. Ra7 c4 60.
bxc4 g4 61. Kf5 Bc5 62. Rh7 Bf8 63. Rh8 Ke7 64. Kxg4 Bg7 65. Ra8 Kf6 66. c5 Ke5
67. Rd8 Ke6 68. c6 Be5 69. Rg8 Kf6 70. Rg6+ Ke7 71. Rxh6 Kd8 72. Rg6 Kc7 73. h6
Kc8 74. h7 Kc7 75. Re6 Bh8 76. Re8 Be5 77. h8=Q Bxh8 78. Rxh8 Kxc6 79. Rf8 Kd6
80. Kg5 Kc5 81. Kh4 Kb4 82. g4 Kc3 83. g5 Kxd3 84. g6 Kxe4 85. g7 d3 1-0

[Event "Carnaval U1400 Online"]
[Site "Chess.com"]
[Date "2021.02.21"]
[Round "5.1"]
[White "Piroli, Luke"]
[Black "Chelkowski, Jan"]
[Result "1-0"]
[WhiteElo "783"]
[BlackElo "1070"]
[PlyCount "49"]
[EventDate "2021.02.20"]
[EventType "swiss"]
[EventRounds "6"]
[EventCountry "CAN"]

1. d4 b6 2. e4 e6 3. Nf3 c5 4. c3 Bb7 5. Bd3 Nc6 6. O-O Be7 7. Be3 Nf6 8. e5
Nd5 9. Re1 O-O 10. Qc2 g6 11. Nbd2 f6 12. exf6 Nxf6 13. Bh6 Ng4 14. Bxf8 Qxf8
15. Bxg6 Qg7 16. Be4 Rb8 17. h3 Nf6 18. Bxc6 Bxc6 19. Re3 Nd5 20. Re4 Nf6 21.
Re5 Nd5 22. Qe4 h5 23. Rxh5 Kf8 24. Qg4 Qf7 25. Rh8+ 1-0

[Event "Carnaval U1400 Online"]
[Site "Chess.com"]
[Date "2021.02.21"]
[Round "5.2"]
[White "Francoz, Yohann"]
[Black "Cormier, Benoit"]
[Result "0-1"]
[WhiteElo "1243"]
[BlackElo "1315"]
[PlyCount "90"]
[EventDate "2021.02.20"]
[EventType "swiss"]
[EventRounds "6"]
[EventCountry "CAN"]

1. e4 c5 2. Nf3 Nc6 3. d4 cxd4 4. Nxd4 Nf6 5. Nc3 e5 6. Ndb5 d6 7. Bg5 a6 8.
Na3 b5 9. Nd5 Be7 10. c4 Nxe4 11. Bxe7 Nxe7 12. Nc2 Bb7 13. Bd3 Nc5 14. Nxe7
Qxe7 15. cxb5 Nxd3+ 16. Qxd3 O-O 17. O-O axb5 18. Rfd1 Rfd8 19. Qxb5 Rab8 20.
Qd3 Qg5 21. Ne3 d5 22. Qf5 Qxf5 23. Nxf5 g6 24. Ng3 f5 25. f3 f4 26. Ne2 d4 27.
Rd2 Rbc8 28. Rad1 Ba6 29. Nc3 Kf7 30. Ne4 h6 31. Kf2 Ke7 32. g3 g5 33. gxf4
gxf4 34. Kg2 d3 35. Nf2 Rc2 36. Rxc2 dxc2 37. Rc1 Rd2 38. Kg1 Be2 39. Kg2 Bd1
40. Kg1 Bxf3 41. a4 e4 42. Nxe4 Bxe4 43. Kf1 Rd1+ 44. Ke2 Rxc1 45. Kd2 Rd1+ 0-1

[Event "Carnaval U1400 Online"]
[Site "Chess.com"]
[Date "2021.02.21"]
[Round "6.1"]
[White "Gougeon, Patrick"]
[Black "Piroli, Luke"]
[Result "1-0"]
[WhiteElo "1289"]
[BlackElo "783"]
[PlyCount "89"]
[EventDate "2021.02.20"]
[EventType "swiss"]
[EventRounds "6"]
[EventCountry "CAN"]

1. f4 d5 2. Nf3 Nc6 3. g3 Bf5 4. c3 Nf6 5. d3 Qd7 6. a4 O-O-O 7. b4 h5 8. a5
Bh3 9. b5 Nb8 10. Qa4 Bxf1 11. Kxf1 c6 12. Ne5 cxb5 13. Nxd7 bxa4 14. Nxf6 gxf6
15. Rxa4 Nc6 16. Be3 e5 17. Kg2 h4 18. Na3 hxg3 19. hxg3 Rxh1 20. Kxh1 exf4 21.
Bxf4 Bd6 22. Bxd6 Rxd6 23. Kg2 Re6 24. Kf2 Kd7 25. d4 a6 26. Nc2 f5 27. Ne3 Ne7
28. Rb4 Kc6 29. c4 Kc7 30. cxd5 Rxe3 31. Rc4+ Kd6 32. Kxe3 Nxd5+ 33. Kf3 b5 34.
axb6 Nxb6 35. Rc5 Nd5 36. Ra5 Nb4 37. Rxf5 Ke6 38. Ra5 f6 39. e4 Kd6 40. Kg4
Ke6 41. Kf3 Kd6 42. Kg4 Ke6 43. Kh5 Kd6 44. Kg6 Ke6 45. Rf5 1-0

[Event "Carnaval U1400 Online"]
[Site "Chess.com"]
[Date "2021.02.21"]
[Round "6.2"]
[White "Chelkowski, Jan"]
[Black "Francoz, Yohann"]
[Result "0-1"]
[WhiteElo "1070"]
[BlackElo "1243"]
[PlyCount "64"]
[EventDate "2021.02.20"]
[EventType "swiss"]
[EventRounds "6"]
[EventCountry "CAN"]

1. e4 e5 2. Bc4 Nf6 3. Nc3 Bb4 4. d3 d5 5. exd5 Nxd5 6. Bd2 Be6 7. Qf3 Bxc3 8.
Bxc3 Nc6 9. Qg3 Qf6 10. Nf3 Nxc3 11. bxc3 Bxc4 12. dxc4 O-O 13. O-O Rfe8 14.
Rad1 Re7 15. h3 Rae8 16. Nd2 Qe6 17. Rfe1 Na5 18. Re4 c5 19. f4 Qg6 20. Qe1 f6
21. Nf3 Nc6 22. Rd6 exf4 23. Rxe7 Rxe7 24. Rd8+ Kf7 25. Qd1 Nxd8 26. Qxd8 Qe4
27. Qd1 Qxc4 28. Nh4 g6 29. Nf3 Qxa2 30. Qd2 Qe6 31. Qxf4 Qe3+ 32. Qxe3 Rxe3
0-1

[Event "Carnaval U1800 Online"]
[Site "Chess.com"]
[Date "2021.02.20"]
[Round "1.1"]
[White "Bilodeau-Savaria, Sandy-Rose"]
[Black "Potvin, Alain-Nicolas"]
[Result "1-0"]
[WhiteElo "1537"]
[BlackElo "1723"]
[PlyCount "145"]
[EventDate "2021.02.20"]
[EventType "swiss"]
[EventRounds "6"]
[EventCountry "CAN"]

1. d4 g6 2. c4 Bg7 3. Nc3 Nf6 4. e4 d6 5. h3 O-O 6. Nf3 e5 7. d5 a5 8. Be2 Na6
9. Be3 Qe7 10. O-O Nc5 11. Qc2 Bd7 12. Nd2 c6 13. f4 cxd5 14. Bxc5 dxc5 15.
exd5 exf4 16. Rxf4 Qe3+ 17. Rf2 Bf5 18. Qd1 Rfe8 19. Kf1 Ne4 20. Ndxe4 Bxe4 21.
Qc1 Qxc1+ 22. Rxc1 Bd4 23. Nxe4 Rxe4 24. Bf3 Bxf2 25. Bxe4 Bd4 26. Rb1 Re8 27.
Bf3 b6 28. b3 Kf8 29. a3 Re3 30. d6 Ke8 31. Bc6+ Kd8 32. d7 Re6 33. Bb5 Rf6+
34. Ke2 Rf2+ 35. Kd3 Rxg2 36. Re1 Rg3+ 37. Ke4 Rg5 38. Kf4 Rf5+ 39. Kg4 Re5 40.
Rf1 f5+ 41. Kg5 Be3+ 42. Kf6 Re7 43. Rd1 Bd4+ 44. Kg5 Re3 45. h4 Rxb3 46. a4
Rg3+ 47. Kh6 f4 48. Re1 Re3 49. Rf1 f3 50. Kxh7 f2 51. Kxg6 Re1 52. Rxf2 Bxf2
53. h5 Be3 54. h6 Rh1 55. h7 Bd4 56. Bc6 Rh2 57. Bb5 Kc7 58. Kf7 Rxh7+ 59. Ke8
Rh8+ 60. Ke7 Bf2 61. Ke6 Bh4 62. Kf7 Bd8 63. Ke6 Rh6+ 64. Kd5 Rd6+ 65. Ke5 Rd4
66. Ke6 Bh4 67. Ke5 Bg3+ 68. Ke6 Rd6+ 69. Ke7 Bh4+ 70. Ke8 Re6+ 71. Kf7 Kd6 72.
Kf8 Re7 73. d8=Q+ 1-0

[Event "Carnaval U1800 Online"]
[Site "Chess.com"]
[Date "2021.02.20"]
[Round "1.2"]
[White "Yao, Henry"]
[Black "Munshi, Rubayat"]
[Result "1-0"]
[WhiteElo "1677"]
[BlackElo "1497"]
[PlyCount "147"]
[EventDate "2021.02.20"]
[EventType "swiss"]
[EventRounds "6"]
[EventCountry "CAN"]

1. e4 e5 2. Nf3 d6 3. Bc4 Be7 4. d3 Nf6 5. h3 Nbd7 6. O-O O-O 7. Be3 c6 8. Bb3
d5 9. exd5 Nxd5 10. Bd2 f5 11. Nc3 Nc5 12. Nxe5 Nxb3 13. axb3 Qc7 14. Nf3 f4
15. Re1 g5 16. Qe2 g4 17. Nxd5 cxd5 18. Qxe7 Qxe7 19. Rxe7 gxf3 20. Bc3 Rf7 21.
Re8+ Rf8 22. Rae1 Bd7 23. Rxa8 Rxa8 24. Re7 Bf5 25. Re5 Bg6 26. g4 fxg3 27.
fxg3 Rd8 28. Kf2 d4 29. Bb4 Rc8 30. Rc5 Rd8 31. Rc7 Bf7 32. Kxf3 Re8 33. Rc5 h6
34. Bd2 b6 35. Rc7 Re6 36. Bf4 a5 37. Rd7 Rc6 38. Rc7 Rf6 39. Ke2 Bh5+ 40. Kd2
Re6 41. g4 Rf6 42. Bg3 Rf3 43. Be5 Bf7 44. Bxd4 b5 45. Rc5 b4 46. Rxa5 Rxh3 47.
Re5 Rg3 48. Be3 Kh7 49. Re4 Rh3 50. Rxb4 Rh2+ 51. Kc3 Re2 52. Bd2 Re5 53. d4
Re6 54. Rb5 Rd6 55. Rc5 Be6 56. g5 h5 57. g6+ Kxg6 58. Rg5+ Kf7 59. Rxh5 Rc6+
60. Rc5 Rd6 61. Bf4 Rb6 62. b4 Bg4 63. Be5 Rh6 64. Rc7+ Ke8 65. b5 Kd8 66. Rc6
Rh3+ 67. Kb4 Bf5 68. c4 Bc2 69. Kc5 Rb3 70. d5 Re3 71. Bd4 Rd3 72. b6 Ba4 73.
b7 Rb3 74. Rb6 1-0

[Event "Carnaval U1800 Online"]
[Site "Chess.com"]
[Date "2021.02.20"]
[Round "1.3"]
[White "Dugas, Hugues"]
[Black "Bolieau, Dominic"]
[Result "0-1"]
[WhiteElo "1488"]
[BlackElo "1676"]
[PlyCount "34"]
[EventDate "2021.02.20"]
[EventType "swiss"]
[EventRounds "6"]
[EventCountry "CAN"]

1. g3 d5 2. Bg2 Nf6 3. Nh3 e5 4. d4 e4 5. c4 c6 6. Nc3 h5 7. f3 exf3 8. exf3 h4
9. g4 dxc4 10. O-O Be6 11. Re1 Bd6 12. Ng5 h3 13. Nxe6 fxe6 14. Rxe6+ Kf7 15.
Rxd6 Qxd6 16. Bf1 b5 17. Nxb5 cxb5 0-1

[Event "Carnaval U1800 Online"]
[Site "Chess.com"]
[Date "2021.02.20"]
[Round "1.4"]
[White "Lynch, Jonathan"]
[Black "Hemphrey, David"]
[Result "0-1"]
[WhiteElo "1669"]
[BlackElo "1478"]
[PlyCount "98"]
[EventDate "2021.02.20"]
[EventType "swiss"]
[EventRounds "6"]
[EventCountry "CAN"]

1. d4 d5 2. Bf4 Nf6 3. e3 e6 4. Nf3 c5 5. Nc3 a6 6. a4 Qb6 7. a5 Qd8 8. Ne5 Be7
9. Ne2 Ne4 10. f3 Nf6 11. g4 Nbd7 12. Bg3 Nxe5 13. dxe5 Nd7 14. h4 b5 15. f4
Bb7 16. Bg2 f6 17. g5 fxe5 18. fxe5 Qc7 19. Nf4 Qxe5 20. Qh5+ g6 21. Qg4 Qxe3+
22. Kf1 Ne5 23. Qxe6 Qxg3 24. Qxe5 Rf8 25. Kg1 Qxf4 26. Re1 Qxe5 27. Rxe5 Kd7
28. Bh3+ Kd8 29. Re6 c4 30. Rb6 Bc5+ 31. Kh2 Bxb6 32. axb6 Rf2+ 33. Kg3 Rxc2
34. Rf1 d4 35. Rf8+ Ke7 36. Rf6 d3 37. Re6+ Kf7 38. Rd6 Rb8 39. Be6+ Ke7 40.
Rd7+ Kxe6 41. Rxh7 d2 42. Rg7 d1=Q 43. Rxg6+ Kf7 44. Rf6+ Kg7 45. h5 Rg2+ 46.
Kf4 Qg4+ 47. Ke5 Qe4+ 48. Kd6 Qc6+ 49. Ke7 Re8# 0-1

[Event "Carnaval U1800 Online"]
[Site "Chess.com"]
[Date "2021.02.20"]
[Round "1.5"]
[White "Batorshyn, Ilia"]
[Black "Ouazri, Ghassane Said"]
[Result "0-1"]
[WhiteElo "1449"]
[BlackElo "1623"]
[PlyCount "96"]
[EventDate "2021.02.20"]
[EventType "swiss"]
[EventRounds "6"]
[EventCountry "CAN"]

1. b3 Nf6 2. Bb2 d5 3. e3 Bf5 4. Nf3 e6 5. Be2 Be7 6. O-O Nbd7 7. d3 h6 8. Nbd2
O-O 9. Ne5 Nxe5 10. Bxe5 Nd7 11. Bb2 Bf6 12. Bxf6 Nxf6 13. f4 c5 14. Nf3 Re8
15. Ne5 Nd7 16. d4 Rc8 17. Bb5 Nxe5 18. Bxe8 Ng4 19. Qf3 Qxe8 20. h3 Nf6 21. g4
Be4 22. Qf2 cxd4 23. Rac1 dxe3 24. Qxe3 b6 25. g5 hxg5 26. fxg5 Nd7 27. c4 Qe7
28. cxd5 Rxc1 29. Rxc1 exd5 30. Rc8+ Nf8 31. Qf4 Qb4 32. Qf2 Qd6 33. Qh2 Qb4
34. Qf2 a5 35. Rc7 Bg6 36. Kf1 a4 37. bxa4 Qxa4 38. Qd2 d4 39. Kf2 d3 40. Kf1
Qd4 41. Kg2 b5 42. Kf1 b4 43. Rb7 Qc3 44. Qxc3 bxc3 45. Rc7 c2 46. Ke1 Ne6 47.
Rc8+ Kh7 48. h4 Nd4 0-1

[Event "Carnaval U1800 Online"]
[Site "Chess.com"]
[Date "2021.02.20"]
[Round "2.1"]
[White "Hemphrey, David"]
[Black "Yao, Henry"]
[Result "1-0"]
[WhiteElo "1478"]
[BlackElo "1677"]
[PlyCount "107"]
[EventDate "2021.02.20"]
[EventType "swiss"]
[EventRounds "6"]
[EventCountry "CAN"]

1. d4 d5 2. Nf3 Nf6 3. c4 dxc4 4. Nc3 e6 5. Bg5 Be7 6. e3 O-O 7. Bxc4 h6 8. Bf4
c5 9. O-O a6 10. Rc1 b5 11. Bb3 cxd4 12. exd4 Bb7 13. Ne5 Nbd7 14. Qe2 b4 15.
Na4 Nd5 16. Bg3 Nxe5 17. Bxe5 Qd7 18. f3 Bd8 19. Nc5 Qe7 20. Nxb7 Qxb7 21. Qe4
Qd7 22. Bc2 g6 23. Rfd1 Bf6 24. Bb3 Rac8 25. Qe2 Bg5 26. Rxc8 Rxc8 27. Qxa6 Ne3
28. Re1 Nf5 29. Qd3 Rc1 30. Rxc1 Bxc1 31. Qc4 Be3+ 32. Kf1 Bxd4 33. Bxd4 Qxd4
34. Qxd4 Nxd4 35. Bc4 Kf8 36. Kf2 Ke7 37. Ke3 Nc6 38. h4 Kd6 39. Bb5 Ne7 40. g4
Kc5 41. Be8 f6 42. Bf7 e5 43. Ke4 Kd6 44. a4 bxa3 45. bxa3 f5+ 46. Ke3 Kc5 47.
h5 g5 48. Bg6 fxg4 49. fxg4 Kd6 50. Ke4 Ke6 51. Be8 Nc8 52. Bc6 Nb6 53. a4 Nc4
54. Bd5+ 1-0

[Event "Carnaval U1800 Online"]
[Site "Chess.com"]
[Date "2021.02.20"]
[Round "2.2"]
[White "Bolieau, Dominic"]
[Black "Bilodeau-Savaria, Sandy-Rose"]
[Result "0-1"]
[WhiteElo "1676"]
[BlackElo "1537"]
[PlyCount "96"]
[EventDate "2021.02.20"]
[EventType "swiss"]
[EventRounds "6"]
[EventCountry "CAN"]

1. d4 d5 2. Bf4 Nf6 3. e3 e6 4. Nf3 c5 5. Nc3 Bd6 6. Bg3 Nc6 7. Bxd6 Qxd6 8.
Nb5 Qe7 9. Ne5 a6 10. Nxc6 bxc6 11. Nc3 cxd4 12. exd4 c5 13. dxc5 Qxc5 14. Bd3
Rb8 15. Na4 Qa5+ 16. c3 Bd7 17. Bc2 Bb5 18. b4 Qc7 19. Bd3 O-O 20. Rc1 Qe5+ 21.
Kf1 Rfc8 22. Bxb5 axb5 23. Nc5 Ra8 24. a4 bxa4 25. Nxa4 Ne4 26. Nb6 Ra2 27.
Nxc8 Nxf2 28. Qf3 Nd3 29. Ne7+ Kf8 30. Nc6 Qg5 31. Rd1 Rf2+ 32. Qxf2 Nxf2 33.
Kxf2 Qf4+ 34. Ke2 Qc4+ 35. Kd2 Qxc6 36. Kc2 d4 37. Kb3 Qxc3+ 38. Ka4 Ke7 39.
Rc1 Qb2 40. b5 Qa2+ 41. Kb4 Kd7 42. b6 Qa6 43. Rc7+ Kd6 44. Rxf7 Qxb6+ 45. Kc4
Qc6+ 46. Kxd4 Qxg2 47. Rhf1 Qxh2 48. Rxg7 Qe5+ 0-1

[Event "Carnaval U1800 Online"]
[Site "Chess.com"]
[Date "2021.02.20"]
[Round "2.3"]
[White "Ouazri, Ghassane Said"]
[Black "Duval, Mathieu"]
[Result "0-1"]
[WhiteElo "1623"]
[BlackElo "1363"]
[PlyCount "112"]
[EventDate "2021.02.20"]
[EventType "swiss"]
[EventRounds "6"]
[EventCountry "CAN"]

1. e4 c5 2. d4 cxd4 3. c3 dxc3 4. Nxc3 Nc6 5. Nf3 g6 6. Bc4 Bg7 7. Qb3 e6 8.
Nb5 d6 9. Qd3 Bf8 10. Bg5 f6 11. Bf4 e5 12. Be3 a6 13. Nc3 Nge7 14. O-O b5 15.
Bd5 Nb4 16. Qd2 Nbxd5 17. Nxd5 Nxd5 18. Qxd5 Rb8 19. Rfd1 Bb7 20. Qd3 Rc8 21.
Ne1 Be7 22. Bh6 Qd7 23. f3 Qe6 24. Rac1 Rxc1 25. Rxc1 Kd7 26. Qe3 Rc8 27. Rxc8
Kxc8 28. Qc3+ Qc4 29. Qxc4+ bxc4 30. Nc2 d5 31. exd5 Bxd5 32. Bd2 Be6 33. a3
Kb7 34. Kf2 Kc6 35. Nb4+ Kb5 36. Ke3 Bc5+ 37. Ke4 Bd4 38. f4 Bxb2 39. fxe5 Bxe5
40. g3 a5 41. Nd5 Bxd5+ 42. Kxd5 c3 43. Bc1 Ka4 44. Ke6 Kb3 45. Kf7 c2 46. Kg7
Bb2 47. Bd2 c1=Q 48. Bxc1 Bxc1 49. Kxh7 Kxa3 50. Kxg6 Kb3 51. h4 a4 52. h5 a3
53. Kxf6 a2 54. g4 a1=Q+ 55. Kg6 Qh8 56. h6 Qxh6+ 0-1

[Event "Carnaval U1800 Online"]
[Site "Chess.com"]
[Date "2021.02.20"]
[Round "2.4"]
[White "Guillemette, Thomas"]
[Black "Lynch, Jonathan"]
[Result "1-0"]
[WhiteElo "891"]
[BlackElo "1669"]
[PlyCount "183"]
[EventDate "2021.02.20"]
[EventType "swiss"]
[EventRounds "6"]
[EventCountry "CAN"]

1. e4 d6 2. d4 Nf6 3. Nc3 Nbd7 4. Nf3 e5 5. dxe5 dxe5 6. Bc4 Be7 7. O-O c6 8.
a4 h6 9. Re1 Qc7 10. Nh4 g6 11. Nf3 g5 12. h3 g4 13. hxg4 Nxg4 14. Ne2 Bc5 15.
Rf1 a5 16. Ng3 Ndf6 17. Qe2 Rg8 18. Nh4 Nxf2 19. Be3 Nh3+ 20. Kh2 Ng4+ 21. Kh1
Nf4 22. Bxf4 exf4 23. Ngf5 Bd7 24. Bxf7+ Kxf7 25. Qc4+ Be6 26. Qxc5 b6 27. Qd4
Rad8 28. Qc3 Rg5 29. Qf3 Rd2 30. Qxf4 Qxf4 31. Rxf4 Nf2+ 32. Kh2 Ng4+ 33. Kg1
Bxf5 34. Nxf5 Ke8 35. Rc1 h5 36. b3 Ne5 37. Rf2 Rd7 38. Rcf1 Kd8 39. Ne3 Rdg7
40. Rf5 Rg3 41. Rxh5 Rxe3 42. Rxe5 Re2 43. Rf2 Re1+ 44. Kh2 Rh7+ 45. Kg3 Rg7+
46. Kf4 Rf7+ 47. Rf5 Rh7 48. g4 Rh3 49. Rf3 Rh2 50. c4 Rhe2 51. Re5 Rb1 52. g5
Rh1 53. Kf5 Rg2 54. Re6 c5 55. Kf6 Rh8 56. Kg7 Kd7 57. Kxh8 Kxe6 58. Rf5 Rg3
59. Kg7 Rxb3 60. g6 Re3 61. Rf6+ Ke5 62. Kf7 Rg3 63. g7 Kxe4 64. Rxb6 Rf3+ 65.
Rf6 Rg3 66. g8=Q Rxg8 67. Kxg8 Kd4 68. Rf4+ Kc3 69. Kf7 Kb4 70. Ke6 Kxa4 71.
Kd5 Kb4 72. Rf2 a4 73. Re2 a3 74. Rf2 Kb3 75. Kxc5 a2 76. Rxa2 Kxa2 77. Kb5 Kb3
78. c5 Kc3 79. c6 Kd4 80. c7 Ke5 81. c8=Q Kd6 82. Qc6+ Ke7 83. Qd5 Kf6 84. Qe4
Kf7 85. Qe5 Kf8 86. Qc7 Kg8 87. Qe7 Kh8 88. Kc5 Kg8 89. Kd5 Kh8 90. Ke5 Kg8 91.
Kf6 Kh8 92. Qg7# 1-0

[Event "Carnaval U1800 Online"]
[Site "Chess.com"]
[Date "2021.02.20"]
[Round "2.5"]
[White "Potvin, Alain-Nicolas"]
[Black "Dugas, Hugues"]
[Result "1-0"]
[WhiteElo "1723"]
[BlackElo "1488"]
[PlyCount "75"]
[EventDate "2021.02.20"]
[EventType "swiss"]
[EventRounds "6"]
[EventCountry "CAN"]

1. d4 g6 2. Bf4 d6 3. Nf3 Bg7 4. e3 Nf6 5. h3 O-O 6. Be2 c5 7. c3 Qb6 8. Qb3
Qxb3 9. axb3 cxd4 10. exd4 Bd7 11. O-O Nc6 12. Nbd2 Nh5 13. Bh2 Rfe8 14. d5 Nd8
15. Ra2 Nf6 16. c4 a5 17. Rfa1 b6 18. b4 Nb7 19. Nb3 a4 20. Nbd4 Rec8 21. b5
Ne4 22. Rxa4 Rxa4 23. Rxa4 Na5 24. Nc6 Bxc6 25. bxc6 Bxb2 26. Rb4 Ba3 27. Rxb6
Bc5 28. Ra6 Bxf2+ 29. Kf1 Rb8 30. Bd3 Nc5 31. Rxa5 Nxd3 32. Ke2 Bb6 33. Rb5 Nc5
34. Bg1 Na4 35. Bxb6 Nc3+ 36. Kd3 Nxb5 37. cxb5 Rxb6 38. c7 1-0

[Event "Carnaval U1800 Online"]
[Site "Chess.com"]
[Date "2021.02.20"]
[Round "2.6"]
[White "Munshi, Rubayat"]
[Black "Batorshyn, Ilia"]
[Result "0-1"]
[WhiteElo "1497"]
[BlackElo "1449"]
[PlyCount "36"]
[EventDate "2021.02.20"]
[EventType "swiss"]
[EventRounds "6"]
[EventCountry "CAN"]

1. e4 e6 2. f4 d5 3. e5 c5 4. c3 d4 5. d3 b6 6. Nf3 Nc6 7. g4 Bb7 8. Bg2 Qd7 9.
O-O dxc3 10. bxc3 Rd8 11. d4 cxd4 12. Nxd4 Nxd4 13. Bxb7 Qxb7 14. cxd4 Rxd4 15.
Qe2 Bc5 16. Be3 Ne7 17. Rf3 Nd5 18. Bxd4 Bxd4+ 0-1

[Event "Carnaval U1800 Online"]
[Site "Chess.com"]
[Date "2021.02.20"]
[Round "3.1"]
[White "Duval, Mathieu"]
[Black "Hemphrey, David"]
[Result "0-1"]
[WhiteElo "1363"]
[BlackElo "1478"]
[PlyCount "72"]
[EventDate "2021.02.20"]
[EventType "swiss"]
[EventRounds "6"]
[EventCountry "CAN"]

1. d4 d5 2. c4 c6 3. Nc3 Nf6 4. Nf3 e6 5. Bg5 Nbd7 6. e3 Be7 7. Bd3 dxc4 8.
Bxc4 b5 9. Bd3 Bb7 10. Rc1 O-O 11. h3 a6 12. Qc2 Rc8 13. a3 h6 14. Bf4 c5 15.
dxc5 Nxc5 16. Rd1 Qb6 17. Rg1 Nxd3+ 18. Qxd3 Rfd8 19. Qe2 Rxd1+ 20. Qxd1 a5 21.
Ne2 b4 22. Qb3 Bd5 23. Qd3 bxa3 24. bxa3 Bc4 25. Qc2 Bxa3 26. g4 Ba6 27. Qd1
Qc6 28. Nfd4 Qd7 29. g5 hxg5 30. Bxg5 Ne4 31. Bh6 g6 32. Qa1 Bb4+ 33. Kf1 Bb7
34. Nxe6 Nd2+ 35. Ke1 Nb3+ 36. Nc3 Nxa1 0-1

[Event "Carnaval U1800 Online"]
[Site "Chess.com"]
[Date "2021.02.20"]
[Round "3.2"]
[White "Bilodeau-Savaria, Sandy-Rose"]
[Black "Guillemette, Thomas"]
[Result "1-0"]
[WhiteElo "1537"]
[BlackElo "891"]
[PlyCount "51"]
[EventDate "2021.02.20"]
[EventType "swiss"]
[EventRounds "6"]
[EventCountry "CAN"]

1. d4 Nf6 2. c4 g6 3. Nc3 Bg7 4. e4 d6 5. h3 c5 6. d5 e6 7. Nf3 exd5 8. cxd5 a6
9. a4 Nbd7 10. Bf4 Nb6 11. a5 Nh5 12. Bh2 Nd7 13. Bxd6 Bxc3+ 14. bxc3 Qf6 15.
e5 Qd8 16. Qa4 b5 17. axb6 Qxb6 18. Bd3 Kd8 19. O-O Bb7 20. Rab1 Qa7 21. Qa5+
Ke8 22. e6 fxe6 23. dxe6 Nf8 24. Qa4+ Kd8 25. e7+ Kc8 26. Qe8# 1-0

[Event "Carnaval U1800 Online"]
[Site "Chess.com"]
[Date "2021.02.20"]
[Round "3.3"]
[White "Batorshyn, Ilia"]
[Black "Potvin, Alain-Nicolas"]
[Result "1-0"]
[WhiteElo "1449"]
[BlackElo "1723"]
[PlyCount "45"]
[EventDate "2021.02.20"]
[EventType "swiss"]
[EventRounds "6"]
[EventCountry "CAN"]

1. b3 Nf6 2. Bb2 g6 3. Bxf6 exf6 4. c4 Bg7 5. Nc3 Nc6 6. g3 O-O 7. Bg2 Re8 8.
Nf3 d6 9. O-O Ne5 10. d4 Nxf3+ 11. Bxf3 c6 12. b4 Bh3 13. Re1 f5 14. Rc1 a5 15.
b5 Qc7 16. e3 h5 17. Qa4 Rac8 18. bxc6 bxc6 19. d5 Bxc3 20. Rxc3 c5 21. Rb1 Rb8
22. Rcb3 Rb4 23. Qxe8+ 1-0

[Event "Carnaval U1800 Online"]
[Site "Chess.com"]
[Date "2021.02.20"]
[Round "3.4"]
[White "Yao, Henry"]
[Black "Bolieau, Dominic"]
[Result "1-0"]
[WhiteElo "1677"]
[BlackElo "1676"]
[PlyCount "165"]
[EventDate "2021.02.20"]
[EventType "swiss"]
[EventRounds "6"]
[EventCountry "CAN"]

1. e4 Nc6 2. d4 e5 3. d5 Nce7 4. Nf3 Ng6 5. Bd3 Nf6 6. h4 d6 7. h5 Nf4 8. Bxf4
exf4 9. Qd2 Bg4 10. Qxf4 Bxh5 11. Bb5+ Ke7 12. e5 Nxd5 13. Qg5+ f6 14. exf6+
Nxf6 15. Rxh5 c6 16. Bd3 Qb6 17. Nbd2 Kd7 18. Rh1 Re8+ 19. Kf1 Kc7 20. Nc4 Qb4
21. Qa5+ Qxa5 22. Nxa5 d5 23. Nb3 c5 24. Bf5 Bd6 25. g3 g6 26. Bh3 Ne4 27. Kg2
Rhf8 28. Rhf1 b6 29. Rad1 Kc6 30. Nbd2 Nf6 31. Rde1 h6 32. Rxe8 Rxe8 33. Re1
Rxe1 34. Nxe1 g5 35. Bf5 h5 36. Kf3 b5 37. Ke2 d4 38. Ne4 Nxe4 39. Bxe4+ Kb6
40. Nf3 Be7 41. Bg6 h4 42. gxh4 gxh4 43. Bf5 Bf6 44. Nd2 Kc6 45. Ne4 Bd8 46.
Bh3 Kd5 47. Nd2 a5 48. f4 Bf6 49. Bg2+ Ke6 50. Ne4 Be7 51. Kf3 Kd5 52. f5 c4
53. f6 Bf8 54. Ng5 Ke5 55. Nh7 Bc5 56. f7 d3 57. cxd3 cxd3 58. f8=Q Bxf8 59.
Nxf8 Kd4 60. Ne6+ Kc4 61. Bf1 a4 62. Nf4 b4 63. Bxd3+ Kd4 64. Bc2 a3 65. bxa3
bxa3 66. Bb3 Kc3 67. Kg4 Kb2 68. Kxh4 Kc3 69. Kg4 Kd4 70. Kf3 Kc3 71. Ke4 Kd2
72. Kd4 Kc1 73. Kc5 Kb1 74. Kb4 Ka1 75. Kxa3 Kb1 76. Kb4 Ka1 77. a4 Kb1 78. a5
Ka1 79. a6 Kb1 80. a7 Ka1 81. a8=Q+ Kb1 82. Qa2+ Kc1 83. Qc2# 1-0

[Event "Carnaval U1800 Online"]
[Site "Chess.com"]
[Date "2021.02.20"]
[Round "3.5"]
[White "Dugas, Hugues"]
[Black "Ouazri, Ghassane Said"]
[Result "0-1"]
[WhiteElo "1488"]
[BlackElo "1623"]
[PlyCount "110"]
[EventDate "2021.02.20"]
[EventType "swiss"]
[EventRounds "6"]
[EventCountry "CAN"]

1. g3 Nf6 2. Bg2 d5 3. Nf3 c5 4. d4 cxd4 5. Nxd4 e5 6. Nb3 Nc6 7. O-O Be7 8.
Bg5 Be6 9. Bxf6 Bxf6 10. Nc5 Rb8 11. Nc3 e4 12. Nxe6 fxe6 13. Nb5 O-O 14. c3
Qb6 15. c4 a6 16. cxd5 exd5 17. Qxd5+ Kh8 18. Nd6 Qc7 19. Nxe4 Bxb2 20. Rab1
Bd4 21. e3 Rfd8 22. Qh5 g6 23. Qg5 Bg7 24. Nc5 Re8 25. Qg4 Ne5 26. Qb4 Bf8 27.
Qb2 Qxc5 28. f4 Qxe3+ 29. Kh1 Bg7 30. fxe5 Bxe5 31. Qb6 Qh6 32. Rb3 Qg7 33.
Rfb1 Bd4 34. Qa5 Re5 35. Qd2 b6 36. Rd3 Bc5 37. Rd8+ Re8 38. Rxb8 Rxb8 39. Re1
a5 40. Qd3 Rf8 41. Bc6 Qf6 42. Bg2 Qd4 43. Qc2 Qf2 44. Qc3+ Bd4 45. Qc1 Qxa2
46. Re7 Qa1 47. Qxa1 Bxa1 48. Rd7 Rb8 49. Be4 a4 50. Kg1 a3 51. Kf1 b5 52. Ke2
b4 53. Bd5 b3 54. Ra7 b2 55. Be4 b1=Q 0-1

[Event "Carnaval U1800 Online"]
[Site "Chess.com"]
[Date "2021.02.20"]
[Round "3.6"]
[White "Lynch, Jonathan"]
[Black "Munshi, Rubayat"]
[Result "1-0"]
[WhiteElo "1669"]
[BlackElo "1497"]
[PlyCount "123"]
[EventDate "2021.02.20"]
[EventType "swiss"]
[EventRounds "6"]
[EventCountry "CAN"]

1. d4 f5 2. Bg5 g6 3. f3 d6 4. Nc3 c6 5. e3 a5 6. a4 Be6 7. e4 Nd7 8. Bd3 Qb6
9. Nge2 Bg7 10. Be3 Nh6 11. Qc1 f4 12. Nxf4 Bf7 13. Nfe2 Ng8 14. O-O Qc7 15. d5
Ne5 16. dxc6 bxc6 17. h3 Nf6 18. f4 Nc4 19. Bf2 Rb8 20. b3 Nb6 21. Qe3 h6 22.
Rad1 Nbd7 23. g4 Rb4 24. Qf3 g5 25. Bg3 h5 26. fxg5 hxg4 27. hxg4 Ne5 28. Bxe5
dxe5 29. gxf6 Bxf6 30. Rf2 Be6 31. Ng3 Bh4 32. Rh2 Rf8 33. Nf5 Bf6 34. Rf1 Rg8
35. Rh7 Qb6+ 36. Kh2 Rg6 37. Ng7+ Rxg7 38. Rxg7 Bxg7 39. Nd5 cxd5 40. exd5 Bxg4
41. Qf7+ Kd7 42. Qxg7 Qe3 43. Bb5+ Rxb5 44. Qxg4+ Kd6 45. Qe6+ Kc5 46. Qc6+ Kb4
47. Qxb5+ Ka3 48. Qd3 Qh6+ 49. Kg2 e4 50. Qxe4 Qg5+ 51. Kf3 Qh5+ 52. Ke3 Qh6+
53. Kd3 Qh3+ 54. Rf3 Qh1 55. Qxe7+ Ka2 56. Qe2 Qh7+ 57. Kd2 Qh6+ 58. Re3 Qd6
59. Kc1 Qh6 60. c3+ Kxb3 61. Qb2+ Kc4 62. Qb5# 1-0